| 000 | 00480nam a2200181 a 4500 | ||
|---|---|---|---|
| 005 | 20251024063925.0 | ||
| 008 | 991125 1989 mx 000 0 spa u | ||
| 020 | _a9684169574 | ||
| 035 | _aUPN01000007697 | ||
| 049 | _aI | ||
| 050 | 4 |
_aAE61 _bB52 no.2 |
|
| 245 | 0 | 0 | _aCiencia. |
| 260 |
_aMéxico : _bFernández, _c1989. |
||
| 300 | _a[160] p. en varias páginas | ||
| 440 | 0 |
_aBiblioteca temática para niños ; _v2 |
|
| 650 | 4 |
_aCiencia _xExperimentos _95900 |
|
| 905 | _aInfantil | ||
| 999 |
_c7697 _d7697 |
||